<?xml version="1.0" encoding="UTF-8"?>
<record
    xmlns:xsi="http://www.w3.org/2001/XMLSchema-instance"
    xsi:schemaLocation="http://www.loc.gov/MARC21/slim http://www.loc.gov/standards/marcxml/schema/MARC21slim.xsd"
    xmlns="http://www.loc.gov/MARC21/slim">

  <leader>03325nam a2200289 a 4500</leader>
  <controlfield tag="001">1162</controlfield>
  <controlfield tag="003">BR-CuiBMT</controlfield>
  <controlfield tag="005">20231130164432.0</controlfield>
  <controlfield tag="008">231113s2012    dfba          000 0 por d</controlfield>
  <datafield tag="020" ind1=" " ind2=" ">
    <subfield code="a">9788587841544</subfield>
  </datafield>
  <datafield tag="040" ind1=" " ind2=" ">
    <subfield code="a">BR-CuiBMT</subfield>
    <subfield code="c">BR-CuiBMT</subfield>
  </datafield>
  <datafield tag="080" ind1=" " ind2=" ">
    <subfield code="2">2007</subfield>
    <subfield code="a">657:336.13</subfield>
    <subfield code="x">(035)</subfield>
  </datafield>
  <datafield tag="090" ind1=" " ind2=" ">
    <subfield code="a">657:336.13(035)</subfield>
    <subfield code="b">B823m</subfield>
    <subfield code="c">5. ed.</subfield>
  </datafield>
  <datafield tag="110" ind1="1" ind2=" ">
    <subfield code="a">Brasil </subfield>
    <subfield code="b">Secretaria do Tesouro Nacional</subfield>
  </datafield>
  <datafield tag="245" ind1="1" ind2="0">
    <subfield code="a">Manual de contabilidade aplicada ao setor p&#xFA;blico /</subfield>
    <subfield code="c">Minist&#xE9;rio da Fazenda, Secretaria do Tesouro Nacional.</subfield>
  </datafield>
  <datafield tag="250" ind1=" " ind2=" ">
    <subfield code="a">5. ed.</subfield>
  </datafield>
  <datafield tag="260" ind1=" " ind2=" ">
    <subfield code="a">Bras&#xED;lia :</subfield>
    <subfield code="b">Secretaria do Tesouro Nacional,</subfield>
    <subfield code="c">2012.</subfield>
  </datafield>
  <datafield tag="300" ind1=" " ind2=" ">
    <subfield code="a">8 v. :</subfield>
    <subfield code="b">il. ;</subfield>
  </datafield>
  <datafield tag="490" ind1="1" ind2=" ">
    <subfield code="a">S&#xE9;rie manuais</subfield>
  </datafield>
  <datafield tag="505" ind1="0" ind2=" ">
    <subfield code="a">v. 1. Pocedimentos cont&#xE1;beis or&#xE7;ament&#xE1;rios ; Princ&#xED;pios or&#xE7;ament&#xE1;rios ; Receita or&#xE7;ament&#xE1;ria ; Despesa or&#xE7;ament&#xE1;ria ; Fonte/destina&#xE7;&#xE3;o de recursos -- v. 2. Procedimentos cont&#xE1;beis patrimoniais ; Princ&#xED;pios de contabilidade ; Composi&#xE7;&#xE3;o do patrim&#xF4;nio p&#xFA;blico ; Varia&#xE7;&#xF5;es patrimoniais ; Mensura&#xE7;&#xE3;o de ativos e passivos ; Tratamento cont&#xE1;bil aplic&#xE1;vel aos impostos e contribui&#xE7;&#xF5;es ; Ativo imobilizado ; Ativo intang&#xED;vel ; Reavalia&#xE7;&#xE3;o, redu&#xE7;&#xE3;o ao valor recuper&#xE1;vel, deprecia&#xE7;&#xE3;o, amortiza&#xE7;&#xE3;o e exaust&#xE3;o ; Provis&#xF5;es, passivos contingentes e ativos contingentes ; Sistema de custos -- v. 3. Procedimentos cont&#xE1;beis espec&#xED;ficos ; FUNDEB ; Parcerias p&#xFA;blico-privadas (PPP) ; Opera&#xE7;&#xF5;es de cr&#xE9;dito ; Regime pr&#xF3;prio de previd&#xEA;ncia social (RPPS) ; D&#xED;vida ativa ; Precat&#xF3;rios ; Cons&#xF3;rcios p&#xFA;blicos -- v. 4. Plano de contas aplicado ao setor p&#xFA;blico ; Plano de contas ; Aspectos gerais do plano de contas aplicado ao setor p&#xFA;blico ; Sistema cont&#xE1;bil ; Registro cont&#xE1;bil ; Composi&#xE7;&#xE3;o do patrim&#xF4;nio p&#xFA;blico ; Estrutura do plano de contas aplicado ao setor p&#xFA;blico ; Regras de integridade do PCASP ; Encerramento do exerc&#xED;cio ; Lan&#xE7;amentos cont&#xE1;beis t&#xED;picos do setor p&#xFA;blico ; Mecanismo para consolida&#xE7;&#xE3;o das demonstra&#xE7;&#xF5;es cont&#xE1;beis -- v. 5. Demonstra&#xE7;&#xF5;es cont&#xE1;beis aplicadas ao setor p&#xFA;blico ; Balan&#xE7;o or&#xE7;ament&#xE1;rio ; Balan&#xE7;o financeiro ; Demonstra&#xE7;&#xE3;o das varia&#xE7;&#xF5;es patrimoniais ; Balan&#xE7;o patrimonial ; Demonstra&#xE7;&#xE3;o dos fluxos de caixa ; Demonstra&#xE7;&#xE3;o das muta&#xE7;&#xF5;es no patrim&#xF4;nio l&#xED;quido ; Notas explicativas &#xE0;s demonstra&#xE7;&#xF5;es cont&#xE1;beis ; Consolida&#xE7;&#xE3;o das demonstra&#xE7;&#xF5;es cont&#xE1;beis -- v. 6. Perguntas e respostas ; Procedimentos cont&#xE1;beis or&#xE7;ament&#xE1;rios ; Procedimentos cont&#xE1;beis patrimoniais ; Plano de contas ; Demonstra&#xE7;&#xF5;es cont&#xE1;beis -- v. 7. Exerc&#xED;cio pr&#xE1;tico ; Lan&#xE7;amentos t&#xED;picos do setor p&#xFA;blico ; Demonstra&#xE7;&#xF5;es cont&#xE1;beis aplicadas ao setor p&#xFA;blico -- v. 8. Demonstrativo de estat&#xED;sticas de finan&#xE7;as p&#xFA;blicas ; Abrang&#xEA;ncia ; Fluxos, estoques e regras cont&#xE1;bies ; Arcabou&#xE7;o anal&#xED;tico do MEFP 2001 -- Receitas ; Despesas ; Balan&#xE7;o patrimonial ; Transa&#xE7;&#xF5;es ativas e passivas ; Outros fluxos econ&#xF4;micos ; Opera&#xE7;&#xF5;es de d&#xED;vida do governo ; Consolida&#xE7;&#xE3;o ; M&#xE9;todos de estima&#xE7;&#xE3;o e pol&#xED;tica de revis&#xE3;o das informa&#xE7;&#xF5;es ; Demonstrativos do MEFP 2001 ; Tabelas de deriva&#xE7;&#xE3;o do MEFP 2001.</subfield>
  </datafield>
  <datafield tag="650" ind1=" " ind2=" ">
    <subfield code="a">Contabilidade p&#xFA;blica</subfield>
    <subfield code="v">Manuais</subfield>
    <subfield code="z">Brasil</subfield>
  </datafield>
  <datafield tag="650" ind1=" " ind2=" ">
    <subfield code="a">Finan&#xE7;as p&#xFA;blicas</subfield>
    <subfield code="v">Manuais</subfield>
    <subfield code="z">Brasil</subfield>
  </datafield>
  <datafield tag="650" ind1=" " ind2=" ">
    <subfield code="a">Despesa p&#xFA;blica</subfield>
    <subfield code="v">Manuais</subfield>
    <subfield code="z">Brasil</subfield>
  </datafield>
  <datafield tag="650" ind1=" " ind2=" ">
    <subfield code="a">Receita p&#xFA;blica</subfield>
    <subfield code="v">Manuais</subfield>
  </datafield>
  <datafield tag="830" ind1=" " ind2="0">
    <subfield code="a">Manuais</subfield>
  </datafield>
  <datafield tag="942" ind1=" " ind2=" ">
    <subfield code="2">udc</subfield>
    <subfield code="c">LV</subfield>
  </datafield>
  <datafield tag="952" ind1=" " ind2=" ">
    <subfield code="0">0</subfield>
    <subfield code="1">0</subfield>
    <subfield code="2">udc</subfield>
    <subfield code="4">0</subfield>
    <subfield code="7">0</subfield>
    <subfield code="a">BIBTCEMT</subfield>
    <subfield code="b">BIBTCEMT</subfield>
    <subfield code="d">2023-11-30</subfield>
    <subfield code="h">v. 1</subfield>
    <subfield code="l">0</subfield>
    <subfield code="o">657:336.13(035) B823m 5. ed.</subfield>
    <subfield code="p">BIBTCEMT23111358</subfield>
    <subfield code="r">2023-11-30</subfield>
    <subfield code="t">Ex. 1</subfield>
    <subfield code="w">2023-11-30</subfield>
    <subfield code="y">LV</subfield>
  </datafield>
  <datafield tag="952" ind1=" " ind2=" ">
    <subfield code="0">0</subfield>
    <subfield code="1">0</subfield>
    <subfield code="2">udc</subfield>
    <subfield code="4">0</subfield>
    <subfield code="7">0</subfield>
    <subfield code="a">BIBTCEMT</subfield>
    <subfield code="b">BIBTCEMT</subfield>
    <subfield code="d">2023-11-30</subfield>
    <subfield code="h">v. 1</subfield>
    <subfield code="l">0</subfield>
    <subfield code="o">657:336.13(035) B823m 5. ed.</subfield>
    <subfield code="p">BIBTCEMT23120592</subfield>
    <subfield code="r">2023-12-15</subfield>
    <subfield code="t">Ex. 2</subfield>
    <subfield code="w">2023-11-30</subfield>
    <subfield code="y">LV</subfield>
  </datafield>
  <datafield tag="999" ind1=" " ind2=" ">
    <subfield code="c">1162</subfield>
    <subfield code="d">1162</subfield>
  </datafield>
</record>
